000 00528nam a2200205Ia 4500
005 20250508162304.0
008 008 250505s9999 xx 000 0 eng d
037 _aTextual
040 _aFEDL
_beng
_cFEDL
041 _aeng
_2eng
084 _a330, KAL
_qFEDL
100 _aKaldor Nicholas
245 0 _aEssays on value and distribution
250 _a2nd
260 _aLondon, UK
_bDuckworth
_c1980
300 _axxxi,238p.
650 _aEconomics
942 _cTEXL
_h330, KAL
999 _c1375606
_d1375606